|
|
|
|
| LEADER |
00000nam a2200000 a 4500 |
| 001 |
vtls010647111 |
| 003 |
SK-MaSNL |
| 005 |
20260302090418.0 |
| 008 |
160430s2014 xo o g 000 0 slo |
| 015 |
|
|
|a SNBE2015
|
| 020 |
|
|
|a (brož.)
|
| 040 |
|
|
|a SNK
|b slo
|c SNK
|e AACR2
|
| 041 |
0 |
|
|a slo
|
| 043 |
|
|
|a e-xo---
|
| 044 |
|
|
|a xo
|c SK
|
| 072 |
|
7 |
|a 72
|x Architektúra
|2 konspekt
|
| 080 |
|
|
|a 711.4
|2 2001
|
| 080 |
|
|
|a 72.012.2/.9
|2 2001
|
| 080 |
|
|
|a 72.012.2
|2 2001
|
| 080 |
|
|
|a (437.6)
|2 2001
|
| 080 |
|
|
|a (048.8)
|2 2001
|
| 080 |
|
|
|a (084.11)
|2 2001
|
| 245 |
0 |
0 |
|a Spišská Nová Ves 2011/2014
|b zúžený výber projektov realizovaných primátorom Jánom Volným a poslancami mestského zastupiteľstva
|
| 260 |
|
|
|a Spišská Nová Ves
|b Mestský úrad
|c [2014]
|
| 300 |
|
|
|a 15 s.
|b fotogr.
|c 30 cm
|
| 500 |
|
|
|a Názov z obalu
|
| 648 |
|
7 |
|a 2011-2014
|2 SNKPH
|9 352619
|
| 650 |
0 |
7 |
|a mestá
|2 SNKPH
|9 2929
|
| 650 |
0 |
7 |
|a urbanizmus
|2 SNKPH
|9 2925
|
| 650 |
0 |
7 |
|a priestor (architektúra)
|2 SNKPH
|9 728
|
| 650 |
0 |
7 |
|a architektonické projekty
|2 SNKPH
|9 2951
|
| 650 |
0 |
7 |
|a Cities and towns
|2 SNKPHeng
|9 316555
|
| 650 |
0 |
7 |
|a City planning
|2 SNKPHeng
|9 302482
|
| 650 |
0 |
7 |
|a Space (architecture)
|2 SNKPHeng
|9 275798
|
| 650 |
0 |
7 |
|a Architectural projects
|2 SNKPHeng
|9 274864
|
| 651 |
|
7 |
|a Spišská Nová Ves (Slovensko)
|2 SNKPH
|9 28800
|
| 651 |
|
7 |
|a Spišská Nová Ves (Slovakia)
|2 SNKPHeng
|9 221203
|
| 655 |
|
7 |
|a prehľady
|2 SNKPH
|9 70194
|
| 655 |
|
7 |
|a obrazové publikácie
|2 SNKPH
|9 70343
|
| 655 |
|
7 |
|a Surveys
|2 SNKPHeng
|9 266058
|
| 655 |
|
7 |
|a Pictorial works
|2 SNKPHeng
|9 284468
|
| 999 |
|
|
|c 1196526
|d 1198456
|
| 952 |
|
|
|a SNK
|b SNK
|y PREZ
|7 0
|p 17A1134893
|o snkOSB 17827
|i snk2015/1136
|8 0
|0 0
|1 0
|4 0
|d 2015-01-15
|l 0
|r 2026-02-24 22:28:54
|w 2026-02-24
|
| 952 |
|
|
|a SNK
|b SNK
|y VYP
|7 0
|p 17A1134894
|o snkOSB 17827 D1
|i snk2015/1137
|8 0
|0 0
|1 0
|4 0
|d 2015-01-15
|l 0
|r 2026-02-24 22:28:54
|w 2026-02-24
|